Being a Sport Psychologist /
Contiene: 1) Introducción y descripción general; 2) Consideraciones éticas: proteger al cliente a usted mismo y a su profesión; 3) Supuestos filosóficos: los objetivos, la justicia y la estrategia; 4) El proceso de admisión: establecer una relación, objetivos, expectativas y límites; 5) Análisis de...
Salvato in:
| Autore principale: | |
|---|---|
| Natura: | Libro |
| Lingua: | inglese |
| Pubblicazione: |
Nueva York, EUA :
Palgrave,
2016, c2016
|
| Soggetti: | |
| Tags: |
Nessun Tag, puoi essere il primo ad aggiungerne!!
|
MARC
| LEADER | 00000nam^a2200000^a^4500 | ||
|---|---|---|---|
| 001 | 000629354 | ||
| 005 | 20260313000000.0 | ||
| 009 | 20260407175347.228 | ||
| 020 | |a 978-1-137-30089-8 | ||
| 037 | |a Acervo ITESO - Biblioteca | ||
| 041 | |a ING | ||
| 082 | |a 158. 8 |b KEE | ||
| 100 | |a Keegan, Richard |e (autor) | ||
| 245 | 1 | 0 | |a Being a Sport Psychologist / |c R. Keegan. |
| 264 | 4 | |a Nueva York, EUA : |b Palgrave, |c 2016, c2016 | |
| 300 | |a XXVI, 275 p. | ||
| 336 | |a texto |b txt |2 rdacontenido | ||
| 337 | |a sin mediación |b n |2 rdamedio | ||
| 338 | |a volumen |b nc |2 rdasoporte | ||
| 520 | |a Contiene: 1) Introducción y descripción general; 2) Consideraciones éticas: proteger al cliente a usted mismo y a su profesión; 3) Supuestos filosóficos: los objetivos, la justicia y la estrategia; 4) El proceso de admisión: establecer una relación, objetivos, expectativas y límites; 5) Análisis de necesidades: establecimiento de necesidades, habilidades, demandas y objetivos; 6) Formulación de casos: creación de un modelo de trabajo; 7) Elección de una estrategia de apoyo: formulaciones de casos, evidencia y juicio profesional; 8) Planificación de programas de apoyo; 9) Implementación y seguimiento (... y saber cuándo se ha terminado); 10) Procesos de garantía de calidad: registro, reflexión y supervisión. | ||
| 649 | |a XX | ||
| 650 | |a Psicólogos - |x Prácticas Profesionales - |x Tema Principal | ||
| 650 | |a Deportistas - |x Condiciones Psicológicas | ||
| 650 | |a Psicología Deportiva - |x Filosofía | ||
| 650 | |a Psicología Deportiva - |x Aspecto Eticos | ||
| 650 | |a Psicología Deportiva - |x Filosofía | ||
| 650 | |a Psicología Deportiva - |x Tema Principal | ||
| 650 | |a Psicología | ||
| 910 | |a Fondo General | ||
| 920 | |a Impresos - Libros | ||
| 930 | |a Colección General | ||
| 905 | |a 101 | ||
| 901 | |a 629354-10 |b IT1 |c ACC |i C193505 |u 20260313 | ||
| 902 | |a https://opac.biblio.iteso.mx/vufind/Record/000629354 | ||